Chemické názvoslovie a základné chemické výpočty

Bibliographic Details
Main Authors: Poláček, Štefan, 1936-2022 (Author), Puškáš, Ján (Author)
Format: Book
Language:Slovak
PhysicalDescription:263 s. sch., tab. 21 cm
Published: Bratislava Príroda 2006
ISBN:8007015159
Edition:5. preprac. vyd.
Subjects:

MARC

LEADER 00000cam a2200000 a 4500
001 vtls008871561
003 SK-MaSNL
005 20260301092214.0
008 240314s2006 xo l e 000 0 slo
015 |a SNBA2007/01-00107 
020 |a 8007015159  |q (brož.) 
035 |a 9487F616-F249-49DA-837F-DA34780A5EC3 
035 |a urn:nbn:sk:snk-amldmj 
035 |a urn:nbn:sk:snk-am00900i 
040 |a SNK  |b slo  |c SNK  |e AACR2 
041 0 |a slo 
044 |a xo  |c SK 
072 7 |a Chémia. Mineralogické vedy$2 konspekt  |2 konspekt 
080 |a 54  |2 2001 
080 |a 54:001.4  |2 2001 
080 |a 54:51-3  |2 2001 
080 |a (075.3)  |2 2001 
100 1 |a Poláček, Štefan,  |d 1936-2022  |4 aut  |9 93674 
245 1 0 |a Chemické názvoslovie a základné chemické výpočty  |c Štefan Poláček, Ján Puškáš 
250 |a 5. preprac. vyd. 
260 |a Bratislava  |b Príroda  |c 2006 
300 |a 263 s.  |b sch., tab.  |c 21 cm 
504 |a Bibliogr. s. 260 
650 0 7 |a chémia  |2 SNKPH  |9 749 
650 0 7 |a chemické názvoslovie  |2 SNKPH  |9 66724 
650 0 7 |a chemické výpočty  |2 SNKPH  |9 68330 
655 7 |a učebnice stredných škôl  |2 SNKPH  |9 69323 
700 1 |a Puškáš, Ján  |4 aut  |9 12876 
919 |a 80-07-01515-9 
958 |a OND 
999 |c 673239  |d 675169 
952 |a SNK  |b SNK  |y PREZ  |7 0  |p 17A0531495  |o snkSC 125742  |i snk2006/25053  |8 0  |0 0  |1 0  |4 0  |d 2006-11-27  |f 1  |l 0  |r 2025-06-11 00:00:00  |w 2026-02-23 
952 |a SNK  |b SNK  |y VYP  |7 0  |p 17A0531492  |o snkSC 125742 D1  |i snk2006/25054  |8 0  |0 0  |1 0  |4 0  |d 2006-11-27  |l 0  |r 2026-02-23 19:33:04  |w 2026-02-23